| 000 | 00827cam a2200229 a 4500 | ||
|---|---|---|---|
| 001 | 000025383 | ||
| 005 | 20200930023741.0 | ||
| 008 | 901219s2003 mx a 000 | spa d | ||
| 020 | _a9688346020 | ||
| 040 |
_aDO-SdBNP _bspa _cBNPHU |
||
| 082 |
_axxx _bP712e |
||
| 245 | 1 | 0 |
_aPlaneación estratégica aplicada a unidades académica universitarias / _cArturo Guillaumín Tostado ... [et al.]. |
| 260 |
_aMéxico , D. F. : _bUniversidad Veracruzana , _c2003. |
||
| 300 |
_a131 p. ; : _bil. ; _c21 cm. |
||
| 500 | _aIncluye notas al pie de páginas | ||
| 700 | 1 |
_aGuillaumín Tostado, Arturo _epról. _951968 |
|
| 700 | 1 |
_aCanal Martínez, Margarita E. _951969 |
|
| 700 | 1 |
_aOchoa Contreras, Octavio A. _951970 |
|
| 700 | 1 |
_aPineda López , Ma. del Rosario _951971 |
|
| 700 | 1 |
_aBerlín Schaller, Thomas _951972 |
|
| 049 | _aBNGR | ||
| 999 |
_c24875 _d24875 |
||